[Event "?"]
[Site "ICC 5 5 03/05/98, Internet Ch"]
[Date "1998.??.??"]
[Round "?"]
[White "Brause"]
[Black "DoctorWho"]
[Result "1-0"]
[WhiteElo "2570"]
[BlackElo "2540"]
[PlyCount "147"]

1. e4 e5 2. Nf3 Nc6 3. Nc3 Nf6 4. Nxe5 Nxe5 5. d4 Nc6 6. d5 Ne7 7. e5 Nfxd5 8.
Nxd5 d6 9. Bc4 c6 10. Nc3 d5 11. Bb3 Ng6 12. f4 Bc5 13. Na4 Be7 14. Be3 b5 15.
Nc3 a5 16. a4 b4 17. Ne2 Bg4 18. Qd3 Qd7 19. O-O O-O 20. Ng3 Rfd8 21. Bb6 Rdb8
22. Qe3 h5 23. h3 h4 24. hxg4 hxg3 25. f5 Nxe5 26. Qxe5 Rxb6 27. Qxg3 Bc5+ 28.
Kh1 Bd4 29. Rab1 c5 30. g5 c4 31. Rbd1 cxb3 32. Rxd4 bxc2 33. Qd3 Qc6 34. Rc1
b3 35. Rxd5 Rb4 36. Rb5 Qa6 37. Kh2 Kf8 38. Qd5 Rxb5 39. axb5 Qc8 40. g6 Ra7
41. Qxb3 Qxf5 42. Rxc2 fxg6 43. g4 Qf4+ 44. Qg3 Qxg3+ 45. Kxg3 Rb7 46. Rc5 Ke7
47. Kf4 Rb6 48. Ke5 Re6+ 49. Kd4 Kd7 50. Rd5+ Kc8 51. Kc5 Re2 52. Rd6 Rxb2 53.
Rxg6 Rc2+ 54. Kb6 a4 55. Rxg7 a3 56. Rh7 a2 57. Rh1 Kd7 58. Ra1 Ke6 59. Ka6 Ke5
60. b6 Rb2 61. b7 Kf4 62. Ka7 Kxg4 63. b8=Q Re2 64. Qg8+ Kf4 65. Qf7+ Ke5 66.
Rxa2 Rc2 67. Rxc2 Ke4 68. Rd2 Ke3 69. Qf2+ Ke4 70. Rd4+ Ke5 71. Qf4+ Ke6 72.
Rd6+ Ke7 73. Qf6+ Ke8 74. Rd8# 1-0

[Event "?"]
[Site "ICC 5 3 03/25/98, Internet Ch"]
[Date "1998.??.??"]
[Round "?"]
[White "Brause"]
[Black "MarvinMartian"]
[Result "0-1"]
[WhiteElo "2620"]
[BlackElo "2290"]
[PlyCount "131"]

1. e4 e5 2. Nf3 Nc6 3. Nc3 Nf6 4. Nxe5 Nxe5 5. d4 Ng6 6. e5 Ng8 7. Bc4 Bb4 8.
Qf3 Bxc3+ 9. Qxc3 d5 10. exd6 Qxd6 11. Qb3 Qe7+ 12. Be3 Nf6 13. O-O O-O 14.
Rae1 Qd6 15. f3 c6 16. Rf2 Nd5 17. Bxd5 Qxd5 18. c4 Qd6 19. Rd2 Qc7 20. d5 cxd5
21. cxd5 Bd7 22. d6 Qc6 23. Rc2 Qa4 24. Qxa4 Bxa4 25. b3 Bc6 26. Rce2 Rfe8 27.
Bg5 Kf8 28. b4 Rxe2 29. Rxe2 f6 30. Be3 Re8 31. Bc5 Kf7 32. Rxe8 Kxe8 33. Bxa7
Kd7 34. Bc5 Nh8 35. Bd4 Nf7 36. Bb6 Nxd6 37. h3 Nc4 38. Bd4 Ke6 39. Kh2 g6 40.
h4 Ne5 41. Kh3 b5 42. Be3 Nd3 43. a3 Ne5 44. Bc1 Kd5 45. h5 Bd7+ 46. Kh4 Bf5
47. Bb2 Ke6 48. Bc1 Bd3 49. f4 Nc4 50. g4 f5 51. g5 Be2 52. h6 Kd5 53. Kg3 Kd4
54. Kh3 Kc3 55. Kg3 Kb3 56. Kg2 Nxa3 57. Kf2 Bc4 58. Bd2 Nc2 59. Kg3 Nxb4 60.
Kf3 Nd5 61. Be1 Kc2 62. Ba5 Kd3 63. Kf2 b4 64. Bxb4 Nxb4 65. Kg3 Ke3 66. Kg2
0-1

[Event "?"]
[Site "ICC 5 0 03/28/98, Internet Ch"]
[Date "1998.??.??"]
[Round "?"]
[White "Brause"]
[Black "Motoman"]
[Result "0-1"]
[WhiteElo "2535"]
[BlackElo "1960"]
[PlyCount "95"]

1. e4 e5 2. Nf3 Nf6 3. Nc3 Nc6 4. Nxe5 Nxe5 5. d4 Ng6 6. e5 Ng8 7. Bc4 Bb4 8.
Qf3 Qe7 9. O-O Bxc3 10. bxc3 Nh6 11. g3 O-O 12. Re1 c6 13. Bxh6 gxh6 14. Rab1
d5 15. exd6 Qxd6 16. Qg2 Rb8 17. Re3 Be6 18. Bb3 Bxb3 19. axb3 Rfe8 20. Rbe1
Rxe3 21. Rxe3 Qd7 22. Qe4 h5 23. Re2 Rd8 24. Re1 Qg4 25. f4 h4 26. f5 Qxe4 27.
Rxe4 Nf8 28. g4 f6 29. c4 Kf7 30. Kg2 Re8 31. Kf3 Rxe4 32. Kxe4 Ke7 33. d5 Kd6
34. dxc6 bxc6 35. Kf4 h6 36. Ke4 Nd7 37. h3 a5 38. Kf3 Ke5 39. Ke3 Nc5 40. Kf3
Kd4 41. Ke2 Kc3 42. Kd1 Ne4 43. c5 Nf2+ 44. Ke2 Nxh3 45. Kd1 Nf2+ 46. Ke2 Nxg4
47. Kf3 Ne5+ 48. Kg2 0-1

[Event "?"]
[Site "ICC 5 0 03/28/98, Internet Ch"]
[Date "1998.??.??"]
[Round "?"]
[White "Brause"]
[Black "lraj"]
[Result "1-0"]
[WhiteElo "2510"]
[BlackElo "2010"]
[PlyCount "69"]

1. Nc3 e5 2. e4 Nf6 3. Nf3 Nc6 4. Nxe5 Nxe5 5. d4 Ng6 6. e5 Ng8 7. Bc4 Bb4 8.
Qf3 Qe7 9. O-O Bxc3 10. bxc3 Nh6 11. g3 O-O 12. Qh5 d6 13. Bxh6 gxh6 14. f4
dxe5 15. f5 exd4 16. fxg6 Qe3+ 17. Rf2 Be6 18. gxh7+ Kxh7 19. Bd3+ Kg7 20. Qc5
Rad8 21. Qxa7 Rd5 22. Qxb7 Rh5 23. Raf1 Bd5 24. Qxc7 dxc3 25. Qxc3+ f6 26. Qc7+
Rf7 27. Qf4 Qxf4 28. Rxf4 Bxa2 29. c4 Rc5 30. Rg4+ Kf8 31. Rff4 h5 32. Rg6 Rd7
33. Rgxf6+ Ke7 34. Rf7+ Kd8 35. Rxd7+ 1-0

[Event "?"]
[Site "ICC 5 0 03/28/98, Internet Ch"]
[Date "1998.??.??"]
[Round "?"]
[White "Brause"]
[Black "BuffaloJim"]
[Result "1-0"]
[WhiteElo "2495"]
[BlackElo "2350"]
[PlyCount "77"]

1. Nc3 Nf6 2. e4 e5 3. Nf3 Nc6 4. Nxe5 Nxe5 5. d4 Ng6 6. e5 Ng8 7. Bc4 d6 8.
Qf3 f6 9. O-O dxe5 10. dxe5 Nxe5 11. Qe4 Ne7 12. Rd1 Bd7 13. Be6 Qc8 14. Rxd7
Nxd7 15. Be3 Nc6 16. Bh3+ Be7 17. Rd1 Nce5 18. f4 O-O 19. fxe5 f5 20. Qd5+ Kh8
21. Qxd7 Qxd7 22. Rxd7 Rae8 23. Rxc7 Bd8 24. Rxb7 Rxe5 25. Bd4 Re7 26. Rxe7
Bxe7 27. Nd5 Bg5 28. Bxa7 h5 29. Bd4 Kh7 30. a4 g6 31. b4 Rc8 32. c3 Bh6 33.
Nf6+ Kh8 34. Nxh5+ Kg8 35. Nf6+ Kf7 36. Nd5 Bg7 37. Bxg7 Kxg7 38. a5 Rc6 39. g3
1-0

[Event "?"]
[Site "ICC 5 7 04/02/98, Internet Ch"]
[Date "1998.??.??"]
[Round "?"]
[White "Brause"]
[Black "ajax1"]
[Result "1/2-1/2"]
[WhiteElo "2530"]
[BlackElo "2655"]
[PlyCount "218"]

1. e4 e5 2. Nf3 Nc6 3. Nc3 Nf6 4. Nxe5 Nxe5 5. d4 Nc6 6. d5 Ne5 7. f4 Ng6 8. e5
Ng8 9. d6 cxd6 10. exd6 Qh4+ 11. g3 Qf6 12. Nb5 Rb8 13. Be3 b6 14. Bd4 Qe6+ 15.
Be2 Kd8 16. Qd3 Bb7 17. f5 Qe4 18. Rf1 Nh4 19. Qxe4 Bxe4 20. gxh4 Nh6 21. O-O-O
Nxf5 22. Nc3 Nxd4 23. Rxd4 f5 24. Nxe4 fxe4 25. Rf7 Ke8 26. Bc4 b5 27. Rxe4+
Kd8 28. Bd3 g6 29. a4 a6 30. axb5 axb5 31. Rd4 Ke8 32. Rf3 Rb6 33. Rd5 Bh6+ 34.
Kb1 Rf8 35. Rxf8+ Bxf8 36. h5 Bxd6 37. hxg6 hxg6 38. Bxg6+ Ke7 39. h4 Ke6 40.
Be4 b4 41. Rg5 Kf6 42. Rf5+ Ke7 43. h5 Bh2 44. Rf2 Be5 45. Rf5 Bh2 46. Rg5 Re6
47. Rg4 Rh6 48. Bg6 Bd6 49. Rg5 Bf4 50. Rd5 Ke6 51. Rd3 Be5 52. Ka2 d5 53. Kb3
Bd6 54. Re3+ Kf6 55. Ka4 Bc5 56. Re2 Rh8 57. Kb5 Bd4 58. b3 Bc3 59. Kc6 d4 60.
Rg2 Kg7 61. Kd7 Kh6 62. Bf7 Rh7 63. Rf2 Rg7 64. Rf6+ Kg5 65. Ke6 Rh7 66. Rf5+
Kh6 67. Kd6 Rg7 68. Rf6+ Kg5 69. Rf3 Kh6 70. Bg6 Ra7 71. Rf2 Ra5 72. Rf7 Bd2
73. Rf8 Kg5 74. Kc6 Re5 75. Rg8 Kh6 76. Rh8+ Kg5 77. Rd8 Bc3 78. Rg8 Kh6 79.
Kc7 Re6 80. Kb7 Bb2 81. Rh8+ Kg5 82. Rf8 Bc1 83. Rc8 Bd2 84. Kc7 Rf6 85. Kd7
Ra6 86. Ke7 Bc3 87. Rg8 Kh6 88. Kd7 Bd2 89. Rh8+ Kg5 90. Re8 Bf4 91. Re4 Be3
92. Re5+ Kh6 93. Re8 Kg5 94. Rb8 Bd2 95. Rf8 Kh6 96. Rf2 Be3 97. Rf1 Ra3 98.
Rf3 Ra6 99. Kc7 Kg5 100. Rf8 Ra3 101. Rf5+ Kh6 102. Rd5 Ra6 103. Rd8 Rf6 104.
Kd7 Ra6 105. Rh8+ Kg7 106. Rb8 Bd2 107. Bd3 Ra7+ 108. Ke8 Kh6 109. Bg6 Bc1
1/2-1/2

[Event "?"]
[Site "ICC 5 0 04/09/98, Internet Ch"]
[Date "1998.??.??"]
[Round "?"]
[White "Brause"]
[Black "Vaz-AP"]
[Result "1-0"]
[WhiteElo "2605"]
[BlackElo "2060"]
[PlyCount "65"]

1. e4 e5 2. Nf3 Nc6 3. Nc3 Nf6 4. Nxe5 Nxe5 5. d4 Ng6 6. e5 Ng8 7. Bc4 Bb4 8.
Qf3 d5 9. Bxd5 Bxc3+ 10. bxc3 Be6 11. Bxb7 Rb8 12. Qc6+ Qd7 13. Qa6 N8e7 14.
Qxa7 O-O 15. Be4 Bd5 16. Bxd5 Nxd5 17. Qc5 c6 18. O-O Rb5 19. Qc4 Rfb8 20. a4
Rb1 21. Rxb1 Rxb1 22. Qc5 h5 23. Bd2 Rxf1+ 24. Kxf1 h4 25. a5 h3 26. g3 Qg4 27.
Ke1 Qf3 28. a6 Qh1+ 29. Ke2 Qxh2 30. a7 Qg2 31. a8=Q+ Kh7 32. Qaxc6 h2 33.
Q5xd5 1-0

[Event "?"]
[Site "ICC 5 0 04/09/98, Internet Ch"]
[Date "1998.??.??"]
[Round "?"]
[White "Brause"]
[Black "Cappellaio"]
[Result "1-0"]
[WhiteElo "2585"]
[BlackElo "1990"]
[PlyCount "27"]

1. e4 e5 2. Nf3 Nc6 3. Nc3 Nf6 4. Nxe5 Nxe5 5. d4 Bb4 6. dxe5 Bxc3+ 7. bxc3
Nxe4 8. Qg4 d5 9. Qxg7 Rf8 10. Bh6 Qe7 11. Bd3 Bf5 12. Qxf8+ Qxf8 13. Bxf8 Kxf8
14. f3 1-0

[Event "?"]
[Site "ICC 5 0 04/09/98, Internet Ch"]
[Date "1998.??.??"]
[Round "?"]
[White "Brause"]
[Black "brit"]
[Result "1-0"]
[WhiteElo "2595"]
[BlackElo "1920"]
[PlyCount "53"]

1. e4 e5 2. Nf3 Nc6 3. Nc3 Nf6 4. Nxe5 Nxe5 5. d4 Ng6 6. e5 Ng8 7. Bc4 Bb4 8.
Qf3 f5 9. h4 d5 10. Qxd5 Qxd5 11. Bxd5 c6 12. Bf3 Be6 13. Bg5 N8e7 14. h5 Bxc3+
15. bxc3 Nf8 16. Rb1 Bc8 17. h6 g6 18. c4 Ne6 19. Bf6 O-O 20. d5 Nd4 21. Bxe7
Nxf3+ 22. gxf3 Re8 23. Bf6 cxd5 24. cxd5 b6 25. Rh4 Bb7 26. Rd4 Kf7 27. d6 1-0

[Event "?"]
[Site "ICC 5 0 04/09/98, Internet Ch"]
[Date "1998.??.??"]
[Round "?"]
[White "Brause"]
[Black "brit"]
[Result "1-0"]
[WhiteElo "2595"]
[BlackElo "1915"]
[PlyCount "29"]

1. e4 e5 2. Nf3 Nc6 3. Nc3 Nf6 4. Nxe5 Nxe5 5. d4 Ng6 6. e5 Bb4 7. exf6 Qxf6 8.
Bc4 O-O 9. O-O Bxc3 10. bxc3 d6 11. Rb1 b6 12. Bd3 Bf5 13. Be3 Rfe8 14. Qf3 a5
15. Qxf5 1-0

[Event "?"]
[Site "ICC 5 0 04/09/98, Internet Ch"]
[Date "1998.??.??"]
[Round "?"]
[White "Brause"]
[Black "brit"]
[Result "1-0"]
[WhiteElo "2600"]
[BlackElo "1915"]
[PlyCount "43"]

1. e4 e5 2. Nf3 Nc6 3. Nc3 Nf6 4. Nxe5 Nxe5 5. d4 Ng6 6. e5 Ng8 7. Bc4 Bb4 8.
Qf3 f5 9. h4 d5 10. Qxd5 Qxd5 11. Bxd5 c6 12. Bf3 Nf8 13. Bd2 Bd7 14. d5 cxd5
15. O-O-O Ne7 16. Nxd5 Nxd5 17. Bxd5 Bxd2+ 18. Rxd2 O-O-O 19. Rhd1 Ne6 20.
Bxb7+ Kxb7 21. Rxd7+ Kc6 22. R7d6+ 1-0

[Event "?"]
[Site "ICC 5 0 04/09/98, Internet Ch"]
[Date "1998.??.??"]
[Round "?"]
[White "Brause"]
[Black "brit"]
[Result "1-0"]
[WhiteElo "2600"]
[BlackElo "1910"]
[PlyCount "95"]

1. e4 e5 2. Nf3 Nc6 3. Nc3 Nf6 4. Nxe5 Nxe5 5. d4 Ng6 6. e5 Ng8 7. Bc4 Bb4 8.
Qf3 f5 9. h4 d5 10. Qxd5 Qxd5 11. Bxd5 c6 12. Bf3 Nf8 13. Bd2 Bxc3 14. Bxc3 Be6
15. Bb4 O-O-O 16. O-O-O Nd7 17. d5 cxd5 18. Bxd5 Bxd5 19. Rxd5 Nh6 20. e6 Nb6
21. Ra5 Kb8 22. Bc3 Rhg8 23. Be5+ Ka8 24. Bc7 Nc8 25. Bxd8 Rxd8 26. Rd1 Rxd1+
27. Kxd1 Kb8 28. Rd5 Ng8 29. Rxf5 Nce7 30. Rf7 g6 31. Rxh7 Kc7 32. h5 gxh5 33.
Rxh5 Kd6 34. Rb5 b6 35. f4 Kxe6 36. g4 Nf6 37. f5+ Kf7 38. g5 Ne4 39. f6 Ng6
40. Rd5 Nc5 41. Rd8 Ne5 42. Rh8 Ne6 43. Rh7+ Kg6 44. Re7 Nxg5 45. Rxe5 Kxf6 46.
Re3 Ne6 47. Ra3 a5 48. Rb3 1-0

[Event "?"]
[Site "ICC 5 0 04/18/98, Internet Ch"]
[Date "1998.??.??"]
[Round "?"]
[White "Brause"]
[Black "Keith45"]
[Result "1-0"]
[WhiteElo "2540"]
[BlackElo "2350"]
[PlyCount "81"]

1. e4 e5 2. Nf3 Nc6 3. Nc3 Nf6 4. Nxe5 Nxe5 5. d4 Ng6 6. e5 Ng8 7. Bc4 d6 8.
Qf3 Qd7 9. O-O dxe5 10. dxe5 Nxe5 11. Re1 Bd6 12. Bf4 f6 13. Bb5 c6 14. Rad1
Qe6 15. Qg3 Kf8 16. Bxe5 Bxe5 17. f4 cxb5 18. fxe5 Qb6+ 19. Re3 Bf5 20. Rd6 Qc5
21. Rd5 Qc8 22. Qf4 Ne7 23. exf6 Nxd5 24. Nxd5 Qc5 25. Qe5 g6 26. b4 Qxe3+ 27.
Qxe3 Re8 28. Qh6+ Kf7 29. Qg7+ Ke6 30. Nc7+ Kd6 31. Nxb5+ Ke5 32. f7+ Kf4 33.
Qh6+ Ke5 34. fxe8=Q+ Rxe8 35. Qe3+ Be4 36. Qd4+ Kf4 37. Nd6 Re6 38. Qf2+ Kg5
39. Nf7+ Kh5 40. Qg3 a6 41. Qg5# 1-0

[Event "?"]
[Site "ICC 5 0 04/18/98, Internet Ch"]
[Date "1998.??.??"]
[Round "?"]
[White "Brause"]
[Black "giant"]
[Result "1-0"]
[WhiteElo "2625"]
[BlackElo "2085"]
[PlyCount "121"]

1. e4 e5 2. Nf3 Nc6 3. Nc3 Nf6 4. Nxe5 Nxe5 5. d4 Ng6 6. e5 Ng8 7. Bc4 c6 8.
Qf3 d5 9. exd6 Nf6 10. Qe2+ Ne7 11. dxe7 Bxe7 12. Qe5 O-O 13. Bg5 h6 14. Bh4
Re8 15. O-O-O Bd7 16. Rhe1 Qb6 17. Qxe7 Rxe7 18. Rxe7 Be8 19. Bxf6 gxf6 20.
Rde1 Kf8 21. R7e4 Rd8 22. Bb3 Bd7 23. Rf4 f5 24. Bc4 Bc8 25. Rd1 Qb4 26. Be2
Qd6 27. g3 b5 28. d5 Qc5 29. dxc6 Rxd1+ 30. Bxd1 Qxc6 31. a4 bxa4 32. Nxa4 Be6
33. h4 Kg7 34. Nc3 a5 35. Ne2 Bd7 36. Nd4 Qc5 37. c3 a4 38. Bc2 a3 39. Kb1 axb2
40. Kxb2 Qb6+ 41. Kc1 Qa5 42. Kd2 Qd5 43. f3 Qe5 44. Bxf5 Bxf5 45. Rxf5 Qc7 46.
Kd3 Qa7 47. Re5 Qa1 48. Nf5+ Kg6 49. f4 Qf1+ 50. Kc2 Qf2+ 51. Kb3 Qb6+ 52. Kc4
Qc6+ 53. Kb4 Qb7+ 54. Rb5 Qe4+ 55. c4 Qb1+ 56. Ka5 Qa1+ 57. Kb4 Qb1+ 58. Kc3
Qc1+ 59. Kd3 Qf1+ 60. Ke4 Qg2+ 61. Ke3 1-0

[Event "?"]
[Site "ICC 5 2 01/29/98, Internet Ch"]
[Date "1998.??.??"]
[Round "?"]
[White "Brause"]
[Black "pklm"]
[Result "1-0"]
[WhiteElo "2540"]
[BlackElo "2220"]
[PlyCount "103"]

1. e4 e5 2. Nf3 Nc6 3. Nc3 Nf6 4. Nxe5 Bc5 5. Be2 Nxe5 6. d4 d6 7. dxc5 dxc5 8.
Qxd8+ Kxd8 9. Bg5 c6 10. Bxf6+ gxf6 11. Na4 b6 12. O-O-O+ Kc7 13. h3 Be6 14. f4
Nd7 15. f5 Bxa2 16. Nc3 Be6 17. Rd2 Ne5 18. fxe6 fxe6 19. Rf1 Raf8 20. g4 b5
21. Rfd1 c4 22. Kb1 a5 23. Rd6 Rf7 24. Rxe6 Rd8 25. Rxd8 Kxd8 26. g5 Kd7 27.
Rxf6 Rxf6 28. gxf6 Ke6 29. f7 Kxf7 30. h4 Ke6 31. Kc1 Ng6 32. Bg4+ Ke5 33. Bf5
Nxh4 34. Bxh7 Nf3 35. Bg6 Ng5 36. Be8 b4 37. Na4 Kd6 38. Bg6 Nf3 39. Kd1 Ne5
40. Bf5 Kc7 41. Ke2 Kd6 42. Ke3 c5 43. Kf4 Nc6 44. Nb6 c3 45. b3 Nd4 46. e5+
Kc7 47. Nd5+ Kc6 48. e6 Nxe6+ 49. Bxe6 c4 50. bxc4 Kc5 51. Nf6 b3 52. Ne4+ 1-0

[Event "?"]
[Site "ICC 5 5 02/25/98, Internet Ch"]
[Date "1998.??.??"]
[Round "?"]
[White "Brause"]
[Black "DiepX"]
[Result "0-1"]
[WhiteElo "2625"]
[BlackElo "2555"]
[PlyCount "107"]

1. e4 e5 2. Nf3 Nc6 3. Nc3 Nf6 4. Nxe5 Nxe5 5. d4 Nc6 6. d5 Ne5 7. f4 Ng6 8. e5
Ng8 9. d6 cxd6 10. exd6 Qf6 11. Nb5 Kd8 12. Be3 Nxf4 13. Qd2 Ne6 14. O-O-O g6
15. Re1 Bg7 16. Qa5+ Ke8 17. Nc7+ Kf8 18. Nxa8 Qxb2+ 19. Kd2 b6 20. Nxb6 axb6
21. Bxb6 Bb7 22. Be3 Nf6 23. Qb6 Ne4+ 24. Kd1 Qa1+ 25. Ke2 Qe5 26. c4 h6 27. a4
Kg8 28. Rc1 Bc6 29. a5 Qxd6 30. c5 Nf4+ 31. Ke1 Nd3+ 32. Bxd3 Qxd3 33. Qb8+ Bf8
34. Qf4 g5 35. Qf3 Bxc5 36. Qe2 Qxe3 37. Qxe3 Bxe3 38. Rc2 Kg7 39. Ke2 Nf2 40.
Kxe3 Nxh1 41. Kd4 Ra8 42. Ra2 Kf6 43. g3 Ra6 44. Kc5 Be4 45. Kb5 Bd3+ 46. Kb4
Ke5 47. Rd2 Kd4 48. Rg2 Ra8 49. Rg1 Nf2 50. Rg2 Ng4 51. Rg1 Rb8+ 52. Ka3 Ne3
53. a6 Nc2+ 54. Ka4 0-1

[Event "?"]
[Site "ICC 5 0 03/29/98, Internet Ch"]
[Date "1998.??.??"]
[Round "?"]
[White "Brause"]
[Black "Sleeford"]
[Result "1-0"]
[WhiteElo "2575"]
[BlackElo "2230"]
[PlyCount "83"]

1. Nc3 e5 2. e4 Nf6 3. Nf3 Nc6 4. Nxe5 Nxe5 5. d4 Ng6 6. e5 Ng8 7. Bc4 d6 8.
Qf3 f6 9. e6 N8e7 10. Ne4 Nc6 11. d5 Nce5 12. Qc3 Nxc4 13. Qxc4 a6 14. O-O Be7
15. Be3 O-O 16. f4 f5 17. Ng5 Bxg5 18. fxg5 Qe7 19. Rae1 b5 20. Qc6 Rb8 21. Rd1
Bb7 22. Qc3 Rbc8 23. Qb4 c6 24. dxc6 Rxc6 25. Qb3 Rc4 26. Bd4 Qxe6 27. Rd2 Qe4
28. c3 f4 29. Qa3 Nh4 30. Qxd6 Nxg2 31. Qd7 Qg6 32. Qxb7 Nh4 33. Qd5+ Kh8 34.
Rdf2 f3 35. Kh1 Rcc8 36. a4 bxa4 37. Qa5 Qh5 38. Qxa6 Qg4 39. Rg1 Qe4 40. Qxa4
Rce8 41. Qc2 Qd5 42. Qd3 1-0

[Event "?"]
[Site "ICC 5 0 03/29/98, Internet Ch"]
[Date "1998.??.??"]
[Round "?"]
[White "Brause"]
[Black "gannwave"]
[Result "1-0"]
[WhiteElo "2550"]
[BlackElo "2400"]
[PlyCount "59"]

1. Nc3 Nf6 2. e4 e5 3. Nf3 Nc6 4. Nxe5 Nxe5 5. d4 Nc6 6. d5 Ne5 7. f4 Ng6 8. e5
Ng8 9. d6 cxd6 10. exd6 Qh4+ 11. g3 Qf6 12. Nb5 Kd8 13. Be3 b6 14. Nxa7 Qxb2
15. Rb1 Qxa2 16. Bxb6+ Ke8 17. Nb5 Rb8 18. Bc7 Bb7 19. Rb3 Bxh1 20. Re3+ Be7
21. Bxb8 Bc6 22. Kf2 Kf8 23. dxe7+ N6xe7 24. Bd6 f6 25. Kg1 Qa5 26. Bxe7+ Nxe7
27. Qd6 Qd8 28. Nc7 Kf7 29. Bc4+ Kg6 30. Rxe7 1-0

[Event "?"]
[Site "ICC 5 0 04/19/98, Internet Ch"]
[Date "1998.??.??"]
[Round "?"]
[White "Brause"]
[Black "Lucos"]
[Result "1-0"]
[WhiteElo "2645"]
[BlackElo "2320"]
[PlyCount "31"]

1. e4 e5 2. Nf3 Nc6 3. Nc3 Nf6 4. Nxe5 Nxe5 5. d4 Ng6 6. e5 Ng8 7. Bc4 Be7 8.
Qf3 f6 9. Qd5 d6 10. Qf7+ Kd7 11. e6+ Kc6 12. d5+ Kb6 13. Na4+ Ka5 14. Bd2+
Kxa4 15. a3 Nh6 16. b3# 1-0

[Event "?"]
[Site "ICC 5 0 04/19/98, Internet Ch"]
[Date "1998.??.??"]
[Round "?"]
[White "Brause"]
[Black "MrCool"]
[Result "0-1"]
[WhiteElo "2630"]
[BlackElo "2075"]
[PlyCount "117"]

1. e4 e5 2. Nf3 Nc6 3. Nc3 Nf6 4. Nxe5 Nxe5 5. d4 Ng6 6. e5 Ng8 7. Bc4 Bb4 8.
Qf3 Qe7 9. O-O Bxc3 10. bxc3 Nh6 11. g3 O-O 12. Re1 Rb8 13. Be3 b5 14. Bd5 c6
15. Bb3 Bb7 16. Qh5 c5 17. a4 c4 18. Ba2 a6 19. axb5 axb5 20. Bxh6 gxh6 21.
Reb1 Bc6 22. f4 f5 23. Qe2 Qe6 24. Kf2 Qd5 25. Rg1 Rfe8 26. Ke1 Qe4 27. Kd2 d6
28. Qxe4 Bxe4 29. exd6 Red8 30. Rgb1 Kf8 31. Kd1 Bd5 32. Rb4 Rxd6 33. Rab1 Rdb6
34. Kd2 Nh8 35. Re1 Nf7 36. Re3 Re6 37. Rxe6 Bxe6 38. Rb1 Nd6 39. Re1 Ne4+ 40.
Kc1 Bd5 41. Re3 Kf7 42. Bb1 Ra8 43. Kb2 Kg6 44. Re1 Kh5 45. Re3 Kg4 46. Re1 h5
47. Re3 Kh3 48. g4+ Kxg4 49. Re1 Kxf4 50. Rf1+ Kg5 51. Rg1+ Kf6 52. Re1 f4 53.
Rf1 Kf5 54. Rf3 Kg4 55. Rf1 f3 56. h3+ Kf4 57. Ba2 Ke3 58. Bb1 f2 59. h4 0-1

[Event "?"]
[Site "ICC 5 8 02/15/98, Internet Ch"]
[Date "1998.??.??"]
[Round "?"]
[White "Brause"]
[Black "Fabrizio"]
[Result "0-1"]
[WhiteElo "2715"]
[BlackElo "2570"]
[PlyCount "153"]

1. Nc3 e5 2. Nf3 Nc6 3. e4 Nf6 4. Nxe5 Nxe5 5. d4 Ng6 6. e5 Ng8 7. Bc4 d5 8.
Bxd5 c6 9. Bb3 Be6 10. O-O Bxb3 11. axb3 Qd7 12. e6 fxe6 13. Re1 Nf6 14. Bg5
Be7 15. h4 O-O 16. h5 Nh8 17. h6 g6 18. Be3 a6 19. Qd3 Nf7 20. Na4 Rad8 21. Qe2
Rfe8 22. Rad1 Nd5 23. Bd2 b5 24. Nc5 Bxc5 25. dxc5 Qe7 26. c4 Nf6 27. Qf3 Rc8
28. b4 e5 29. cxb5 axb5 30. Re2 Qe6 31. Rde1 Qf5 32. Qg3 Rcd8 33. Qb3 Rd5 34.
Qa3 Red8 35. Bc3 Rd1 36. Rxd1 Rxd1+ 37. Re1 Rxe1+ 38. Bxe1 Qd7 39. Qa8+ Ne8 40.
Qb8 Kf8 41. Bc3 Qd1+ 42. Kh2 Qh5+ 43. Kg1 Qxh6 44. Qb7 Qc1+ 45. Kh2 Qf4+ 46.
Kh1 Qe4 47. Kh2 Qd5 48. Qb8 Qd7 49. Kg1 Qc7 50. Qa8 Qd7 51. Qb8 Qe6 52. Kh2 Kg7
53. Bd2 Nf6 54. f3 Nd5 55. Qa8 h5 56. Be1 Qf6 57. Kg1 Nf4 58. Bd2 Qd8 59. Qxd8
Nxd8 60. g3 Nd5 61. Kg2 Ne6 62. Kf2 g5 63. Kf1 Kg6 64. Kf2 Kf5 65. Be1 Nd4 66.
Bd2 Nc2 67. Ke2 Ncxb4 68. Be1 e4 69. Bf2 exf3+ 70. Kxf3 g4+ 71. Kg2 Ke4 72. Kf1
Nd3 73. Ke2 Nxf2 74. Kxf2 Nb4 75. Ke2 Nd3 76. b3 Nxc5 77. b4 0-1

[Event "?"]
[Site "ICC 5 8 02/15/98, Internet Ch"]
[Date "1998.??.??"]
[Round "?"]
[White "Brause"]
[Black "Fabrizio"]
[Result "0-1"]
[WhiteElo "2675"]
[BlackElo "2615"]
[PlyCount "135"]

1. e4 e5 2. Nf3 Nc6 3. Nc3 Nf6 4. Nxe5 Nxe5 5. d4 Ng6 6. e5 Ng8 7. Bc4 d5 8.
Bxd5 c6 9. Bb3 Be6 10. O-O Bxb3 11. axb3 Qd7 12. e6 fxe6 13. Re1 Nf6 14. Na4
Rd8 15. Nc3 a6 16. Qe2 Be7 17. Bg5 O-O 18. Rad1 Rfe8 19. Qf3 h6 20. Bc1 Nd5 21.
Qe4 Nxc3 22. bxc3 Nf8 23. c4 Bf6 24. Rd3 Qf7 25. f4 Qg6 26. c5 Qxe4 27. Rxe4 h5
28. Bd2 Kf7 29. Ba5 Rd5 30. Bc3 Red8 31. Kf2 Ng6 32. Bb2 Nh4 33. Rh3 g6 34. Re1
Nf5 35. c3 Bh4+ 36. g3 Bf6 37. Kf3 Nh6 38. Rg1 Ng4 39. Rb1 Rb8 40. Ke2 b6 41.
cxb6 Rxb6 42. Ba3 a5 43. Bc5 Rb8 44. Ba7 Rb7 45. Bc5 a4 46. b4 Rxc5 47. dxc5
Bxc3 48. Rc1 Bb2 49. Rd1 a3 50. b5 cxb5 51. Rh4 a2 52. h3 Nf6 53. f5 exf5 54.
Rb4 a1=Q 55. Rxa1 Bxa1 56. c6 Rc7 57. Rxb5 Rxc6 58. Rb7+ Kf8 59. Rb8+ Ne8 60.
Rb3 Be5 61. Re3 Rc2+ 62. Kd1 Rc5 63. Ke1 Nf6 64. Kf1 Kf7 65. Ke2 Ke6 66. Kf1
Rc3 67. Rxc3 Bxc3 68. Kg2 0-1

[Event "?"]
[Site "ICC 5 8 02/15/98, Internet Ch"]
[Date "1998.??.??"]
[Round "?"]
[White "Brause"]
[Black "Fabrizio"]
[Result "0-1"]
[WhiteElo "2670"]
[BlackElo "2620"]
[PlyCount "173"]

1. e4 e5 2. Nf3 Nc6 3. Nc3 Nf6 4. Nxe5 Nxe5 5. d4 Ng6 6. e5 Ng8 7. Bc4 d5 8.
Bxd5 c6 9. Bb3 Be6 10. O-O Bxb3 11. axb3 Qd7 12. e6 fxe6 13. Re1 Nf6 14. Bg5
Be7 15. Qe2 O-O 16. Qc4 Nd5 17. Bxe7 Ngxe7 18. Ne4 b6 19. b4 h6 20. Rad1 Nf5
21. Rd2 Nd6 22. Nxd6 Qxd6 23. b5 Rac8 24. bxc6 Qxc6 25. Qe2 b5 26. Qg4 Rf4 27.
Qxe6+ Qxe6 28. Rxe6 Rf6 29. Re5 Rd6 30. f4 Kf7 31. Rf5+ Kg6 32. Re5 a6 33. f5+
Kf7 34. Rde2 Rc7 35. h4 h5 36. g3 Rcd7 37. c3 Rc7 38. Re6 Rcd7 39. R6e5 Re7 40.
Kf2 Rdd7 41. Re6 Nc7 42. Rb6 Rxe2+ 43. Kxe2 Ke7 44. Rg6 Kf7 45. Rb6 a5 46. Kd3
a4 47. f6 gxf6 48. Ke4 Kg6 49. Kf3 Kf5 50. Rb8 Ke6 51. Ke4 Rg7 52. Rb6+ Ke7 53.
Kf3 Rg8 54. Rc6 Kd7 55. Rc5 Rh8 56. Rf5 Ke6 57. Rc5 Kd6 58. Kf2 Rh7 59. Kf3 Rh6
60. Ke4 Rg6 61. Kf3 Rh6 62. Ke4 Rh8 63. Rf5 Re8+ 64. Kd3 Nd5 65. Kd2 Rg8 66.
Rf3 Rg4 67. Ke1 Re4+ 68. Kf2 Ke6 69. Rd3 f5 70. Kf3 Nb6 71. Rd2 Nc4 72. Rc2 Kd5
73. Kf2 Re3 74. Kg2 Rd3 75. Kf2 Rd2+ 76. Rxd2 Nxd2 77. Ke2 Nc4 78. Kd3 Nxb2+
79. Kc2 a3 80. Kb3 Nc4 81. Ka2 Ke4 82. d5 Kxd5 83. Ka1 Ke4 84. Ka2 Kd3 85. Kb3
Kd2 86. Kb4 a2 87. Kxb5 0-1

[Event "?"]
[Site "ICC 5 5 02/18/98, Internet Ch"]
[Date "1998.??.??"]
[Round "?"]
[White "Brause"]
[Black "KnightC"]
[Result "1-0"]
[WhiteElo "2465"]
[BlackElo "2435"]
[PlyCount "67"]

1. e4 e5 2. Nf3 Nf6 3. Nc3 Nc6 4. Nxe5 Nxe5 5. d4 Ng6 6. e5 Ng8 7. Bc4 Bb4 8.
Qf3 Qe7 9. O-O c6 10. Ne4 Nh4 11. Qe2 Nf5 12. Bg5 Nxd4 13. Qh5 Qf8 14. c3 d5
15. exd6 b5 16. Rfe1 bxc4 17. Nc5+ Ne6 18. cxb4 Qxd6 19. Rad1 Qc7 20. Nxe6 Bxe6
21. Rxe6+ Kf8 22. Bf4 Qe7 23. Rxe7 Nxe7 24. Bd6 Re8 25. Bxe7+ Kxe7 26. Qe5+ Kf8
27. Qc5+ Kg8 28. Qe7 h6 29. Qxe8+ Kh7 30. Qxf7 Rg8 31. Rd7 a6 32. g4 Kh8 33. g5
hxg5 34. Qh5# 1-0

[Event "?"]
[Site "ICC 5 3 03/28/98, Internet Ch"]
[Date "1998.??.??"]
[Round "?"]
[White "Brause"]
[Black "MarvinMartian"]
[Result "0-1"]
[WhiteElo "2480"]
[BlackElo "2350"]
[PlyCount "99"]

1. e4 e5 2. Nf3 Nc6 3. Nc3 Nf6 4. Nxe5 Nxe5 5. d4 Ng6 6. e5 Ng8 7. Bc4 Bb4 8.
Qf3 Bxc3+ 9. bxc3 Qe7 10. O-O Nh6 11. g3 O-O 12. Bxh6 gxh6 13. Qe2 c6 14. Rfe1
d5 15. exd6 Qxd6 16. Rab1 b6 17. a4 Bd7 18. Qf3 Kg7 19. a5 b5 20. Bd3 a6 21.
Re3 Rae8 22. Rbe1 Rxe3 23. Rxe3 Re8 24. Rxe8 Bxe8 25. Qe4 Qe6 26. Qe2 Qxe2 27.
Bxe2 Kf6 28. c4 Ke6 29. d5+ Kd6 30. dxc6 Kxc6 31. cxb5+ axb5 32. Bf3+ Kc5 33.
h3 Ne5 34. Be4 Nc4 35. a6 Kb6 36. Bxh7 Kxa6 37. Be4 Ka5 38. Bf5 Kb4 39. Kf1 Kc3
40. Ke1 b4 41. Be4 Na3 42. Kd1 Ba4 43. Bd5 f6 44. Ke2 Bxc2 45. Ke3 Nc4+ 46.
Bxc4 Kxc4 47. Kd2 Bf5 48. g4 Bg6 49. f4 Be4 50. g5 0-1